Reestructuración. Proyecto de colonización de Bataán
Guardat en:
| Autor corporatiu: | |
|---|---|
| Format: | Text |
| Publicat: |
San José:
El Instituto
|
| Etiquetes: |
Afegir etiqueta
Sense etiquetes, Sigues el primer a etiquetar aquest registre!
|
MARC
| LEADER | 00000 a a2200000 04500 | ||
|---|---|---|---|
| 001 | 17324 | ||
| 003 | |||
| 040 | |||
| 090 | |a 020600 | ||
| 110 | |a Instituto de Tierras y Colonización. Unidad Sectorial de Planificación (Costa Rica) | ||
| 245 | |a Reestructuración. Proyecto de colonización de Bataán | ||
| 260 | |a San José: |b El Instituto | ||
| 300 | |a 329 p | ||
| 999 | |c 15724 |d 15724 | ||
